Sanat - Kanoottilaulu - Statistics

Yleistilastot
  • Tätä visaa on pelattu 37 kertaa
  • Keskiarvotulos 29 / 103
Vastaustilastot
Vastaus % Oikein
Kanootin
96%
kanootin
96%
se
96%
ja
92%
kapean
92%
92%
vaeltavaa
92%
vesille
92%
majavaa
88%
seuraan
88%
nyt
85%
työnsin
85%
ain
42%
hopeaa
42%
Kultaa
42%
melassa
42%
soudan
42%
säilyy
35%
jo
27%
kaisloihin
27%
korean
27%
melojan
27%
muistoissa
27%
hauen
19%
kun
19%
saaliiksi
19%
saan
19%
säynävän
19%
sen
19%
välkkyy
19%
kepeän
15%
komean
12%
soi
8%
vie
8%
pisarat
4%
tuhannet
4%
vien
4%
äärellä
0%
biisonin
0%
hirvenluinen
0%
huiluni
0%
kaloja
0%
kimalteet
0%
korpin
0%
koskehen
0%
kupeelta
0%
kuutamouinnille
0%
kuvia
0%
kyljessä
0%
lie
0%
maihin
0%
majaani
0%
majavankin
0%
matalaan
0%
minut
0%
mun
0%
narraan
0%
nopean
0%
nostan
0%
nukkua
0%
nukkuu
0%
nuotio
0%
nuotion
0%
nurmella
0%
ohjaan
0%
onkeeni
0%
poukaman
0%
puuman
0%
roiskahtelee
0%
saaliini
0%
sammuu
0%
sorean
0%
tähtien
0%
taimenet
0%
tarraan
0%
tuhansin
0%
tyveneen
0%
uitan
0%
unelmin
0%
uniini
0%
valvon
0%
vedessä
0%
verkkooni
0%
vierellä
0%
voinkin
0%
vyön
0%
yön
0%
yössä
0%
Ehtoja vastaavia visoja ei löytynyt
Tulosjakauma
Jokaisen tuloksen saaneiden osuus
Persentiili vastausten määrän mukaan
Tuloshistoriasi
Et ole pelannut tätä visaa